عرض عادي
عرض مارك
- Management and Business Studies
مدخل مصطلح موضوعي
001 - رقم الضبط
- حقل الضبط: 35671
003 - معرف رقم الضبط
- حقل الضبط: OSt
005 - تاريخ ووقت أخر عملية
- حقل الضبط: 20130427131552.0
008 - عناصر بيانات ثابتة الطول
- حقل تحكم ثابت الطول: 130427|||a|||||| | ||| d
040 ## - مصدر الفهرسة
- هيئة الفهرسة الأصلية: OSt
- وكالة الكتابة: OSt
150 ## - مدخل-- مصطلح تاريخي
- عنصر مدخل المصطلح الموضوعي او الاسم الجغرافي: Management and Business Studies
670 ## - بيانات المصدر موجوده
- الاستشهاد بالمصدر: Work cat.: (OSt): André, Rae. 35670, Organizational behavior : , 2008.
